<?xml version="1.0" encoding="UTF-8"?>
<record
    xmlns:xsi="http://www.w3.org/2001/XMLSchema-instance"
    xsi:schemaLocation="http://www.loc.gov/MARC21/slim http://www.loc.gov/standards/marcxml/schema/MARC21slim.xsd"
    xmlns="http://www.loc.gov/MARC21/slim">

  <leader>01874nam0a22003851  4500</leader>
  <controlfield tag="001">v19\rc\1721221</controlfield>
  <controlfield tag="005">20250619054256.0</controlfield>
  <datafield tag="035" ind1=" " ind2=" ">
    <subfield code="a">(NLR Aleph) 004844029</subfield>
  </datafield>
  <datafield tag="090" ind1=" " ind2=" ">
    <subfield code="a">4852424</subfield>
    <subfield code="c">4852424</subfield>
  </datafield>
  <datafield tag="100" ind1=" " ind2=" ">
    <subfield code="a">20061002d1901    |||y0rusy50      ca</subfield>
  </datafield>
  <datafield tag="101" ind1="1" ind2=" ">
    <subfield code="a">rus</subfield>
    <subfield code="c">eng</subfield>
  </datafield>
  <datafield tag="102" ind1=" " ind2=" ">
    <subfield code="a">RU</subfield>
  </datafield>
  <datafield tag="105" ind1=" " ind2=" ">
    <subfield code="a">y   z   |||||</subfield>
  </datafield>
  <datafield tag="200" ind1="1" ind2=" ">
    <subfield code="a">&#x41B;&#x43E;&#x43C;&#x431;&#x430;&#x440;&#x434;&#x441;&#x442;&#x440;&#x438;&#x442;</subfield>
    <subfield code="e">&#x41A;&#x440;&#x438;&#x442;. &#x438;&#x441;&#x441;&#x43B;&#x435;&#x434;. &#x43E;&#x431; &#x43E;&#x440;&#x433;. &#x438; &#x434;&#x435;&#x44F;&#x442;&#x435;&#x43B;&#x44C;&#x43D;&#x43E;&#x441;&#x442;&#x438; &#x430;&#x43D;&#x433;&#x43B;. &#x434;&#x435;&#x43D;&#x435;&#x436;. &#x440;&#x44B;&#x43D;&#x43A;&#x430;</subfield>
    <subfield code="f">&#x412;&#x430;&#x43B;&#x44C;&#x442;&#x435;&#x440; &#x411;&#x44D;&#x434;&#x436;&#x433;&#x43E;&#x442;</subfield>
    <subfield code="g">&#x421; &#x43F;&#x440;&#x435;&#x434;&#x438;&#x441;&#x43B;. &#x43A; &#x43D;&#x435;&#x43C;. &#x438;&#x437;&#x434;. &#x43F;&#x440;&#x43E;&#x444;. &#x424;&#x440;&#x430;&#x43D;&#x446;&#x430; &#x444;&#x43E;&#x43D; &#x413;&#x43E;&#x43B;&#x44C;&#x442;&#x446;&#x435;&#x43D;&#x434;&#x43E;&#x440;&#x444;&#x430;</subfield>
    <subfield code="g">&#x41F;&#x435;&#x440;. &#x441; &#x430;&#x43D;&#x433;&#x43B;. (&#x438;&#x437;&#x434;. 1896 &#x433;.) &#x438; &#x441;&#x442;. "&#x414;&#x435;&#x43F;&#x43E;&#x437;&#x438;&#x442;&#x43D;&#x44B;&#x435; &#x431;&#x430;&#x43D;&#x43A;&#x438; &#x432; &#x410;&#x43D;&#x433;&#x43B;&#x438;&#x438; &#x438; &#x420;&#x43E;&#x441;&#x441;&#x438;&#x438;" &#x415;. &#x42D;&#x43F;&#x448;&#x442;&#x435;&#x439;&#x43D;&#x430;</subfield>
  </datafield>
  <datafield tag="210" ind1=" " ind2=" ">
    <subfield code="a">&#x421;&#x430;&#x43D;&#x43A;&#x442;-&#x41F;&#x435;&#x442;&#x435;&#x440;&#x431;&#x443;&#x440;&#x433;</subfield>
    <subfield code="c">&#x442;&#x438;&#x43F;&#x43E;-&#x43B;&#x438;&#x442;. &#x410;.&#x415;. &#x41B;&#x430;&#x43D;&#x434;&#x430;&#x443;</subfield>
    <subfield code="d">1901</subfield>
  </datafield>
  <datafield tag="215" ind1=" " ind2=" ">
    <subfield code="a">LV, [3], 294, [1] &#x441;.</subfield>
    <subfield code="d">18</subfield>
  </datafield>
  <datafield tag="300" ind1=" " ind2=" ">
    <subfield code="a">&#x41D;&#x430; &#x43E;&#x431;&#x43B;. &#x434;&#x430;&#x442;&#x430;: 1902</subfield>
  </datafield>
  <datafield tag="464" ind1=" " ind2="0">
    <subfield code="1">2001#$a&#x414;&#x435;&#x43F;&#x43E;&#x437;&#x438;&#x442;&#x43D;&#x44B;&#x435; &#x431;&#x430;&#x43D;&#x43A;&#x438; &#x432; &#x410;&#x43D;&#x433;&#x43B;&#x438;&#x438; &#x438; &#x420;&#x43E;&#x441;&#x441;&#x438;&#x438;$f&#x421;&#x43E;&#x447;. &#x415;. &#x42D;&#x43F;&#x448;&#x442;&#x435;&#x439;&#x43D;&#x430;</subfield>
    <subfield code="1">700#1$a&#x42D;&#x43F;&#x448;&#x442;&#x435;&#x439;&#x43D;$b&#x415;.&#x41C;.$g&#x415;&#x444;&#x438;&#x43C; &#x41C;&#x43E;&#x438;&#x441;&#x435;&#x435;&#x432;&#x438;&#x447;</subfield>
    <subfield code="t">&#x414;&#x435;&#x43F;&#x43E;&#x437;&#x438;&#x442;&#x43D;&#x44B;&#x435; &#x431;&#x430;&#x43D;&#x43A;&#x438; &#x432; &#x410;&#x43D;&#x433;&#x43B;&#x438;&#x438; &#x438; &#x420;&#x43E;&#x441;&#x441;&#x438;&#x438;</subfield>
    <subfield code="a">&#x42D;&#x43F;&#x448;&#x442;&#x435;&#x439;&#x43D;, &#x415;&#x444;&#x438;&#x43C; &#x41C;&#x43E;&#x438;&#x441;&#x435;&#x435;&#x432;&#x438;&#x447;</subfield>
  </datafield>
  <datafield tag="700" ind1=" " ind2="1">
    <subfield code="9">z01790</subfield>
    <subfield code="a">&#x411;&#x435;&#x434;&#x436;&#x433;&#x43E;&#x442;</subfield>
    <subfield code="b">&#x423;.</subfield>
    <subfield code="f">1826-1877</subfield>
    <subfield code="g">&#x423;&#x43E;&#x43B;&#x442;&#x435;&#x440;</subfield>
  </datafield>
  <datafield tag="702" ind1=" " ind2="1">
    <subfield code="a">&#x413;&#x43E;&#x43B;&#x44C;&#x442;&#x446;&#x435;&#x43D;&#x434;&#x43E;&#x440;&#x444;</subfield>
    <subfield code="b">&#x424;. &#x444;&#x43E;&#x43D;</subfield>
    <subfield code="g">&#x424;&#x440;&#x430;&#x43D;&#x446; &#x444;&#x43E;&#x43D;</subfield>
    <subfield code="4">080</subfield>
  </datafield>
  <datafield tag="702" ind1=" " ind2="1">
    <subfield code="a">&#x42D;&#x43F;&#x448;&#x442;&#x435;&#x439;&#x43D;</subfield>
    <subfield code="b">&#x415;.&#x41C;.</subfield>
    <subfield code="g">&#x415;&#x444;&#x438;&#x43C; &#x41C;&#x43E;&#x438;&#x441;&#x435;&#x435;&#x432;&#x438;&#x447;</subfield>
    <subfield code="4">730</subfield>
  </datafield>
  <datafield tag="790" ind1=" " ind2="1">
    <subfield code="9">z01700</subfield>
    <subfield code="a">&#x411;&#x435;&#x434;&#x436;&#x433;&#x43E;&#x442;</subfield>
    <subfield code="b">&#x412;.</subfield>
    <subfield code="f">1826-1877</subfield>
    <subfield code="g">&#x412;&#x430;&#x43B;&#x44C;&#x442;&#x435;&#x440;</subfield>
  </datafield>
  <datafield tag="790" ind1=" " ind2="1">
    <subfield code="9">z01700</subfield>
    <subfield code="a">&#x411;&#x44D;&#x434;&#x436;&#x433;&#x43E;&#x442;</subfield>
    <subfield code="b">&#x412;.</subfield>
    <subfield code="f">1826-1877</subfield>
    <subfield code="g">&#x412;&#x430;&#x43B;&#x44C;&#x442;&#x435;&#x440;</subfield>
  </datafield>
  <datafield tag="801" ind1=" " ind2="0">
    <subfield code="a">RU</subfield>
    <subfield code="b">NLR</subfield>
    <subfield code="g">psbo</subfield>
  </datafield>
  <datafield tag="801" ind1=" " ind2="0">
    <subfield code="a">RU</subfield>
    <subfield code="b">RuMoRGB</subfield>
    <subfield code="2">psbo</subfield>
  </datafield>
  <datafield tag="801" ind1=" " ind2="1">
    <subfield code="a">RU</subfield>
    <subfield code="b">ProSoft-M</subfield>
    <subfield code="2">rusmarc</subfield>
  </datafield>
  <datafield tag="852" ind1=" " ind2=" ">
    <subfield code="a">NLR</subfield>
    <subfield code="j">34.3.5.120</subfield>
  </datafield>
  <datafield tag="899" ind1=" " ind2=" ">
    <subfield code="a">RuMoRGB</subfield>
    <subfield code="j">C 61/415</subfield>
  </datafield>
  <datafield tag="899" ind1=" " ind2=" ">
    <subfield code="a">RuMoRGB</subfield>
    <subfield code="j">J 60/71</subfield>
  </datafield>
  <datafield tag="899" ind1=" " ind2=" ">
    <subfield code="a">RuMoRGB</subfield>
    <subfield code="j">&#x42F; 69/954</subfield>
  </datafield>
  <datafield tag="899" ind1=" " ind2=" ">
    <subfield code="a">RuMoRGB</subfield>
    <subfield code="j">&#x424; 1-52/1315</subfield>
  </datafield>
  <datafield tag="899" ind1=" " ind2=" ">
    <subfield code="a">&#x411;&#x410;&#x41D;</subfield>
  </datafield>
  <datafield tag="899" ind1=" " ind2=" ">
    <subfield code="a">&#x413;&#x41F;&#x418;&#x411;</subfield>
  </datafield>
  <datafield tag="942" ind1=" " ind2=" ">
    <subfield code="c">BOOK</subfield>
  </datafield>
  <datafield tag="980" ind1=" " ind2=" ">
    <subfield code="a">NB</subfield>
  </datafield>
  <datafield tag="995" ind1=" " ind2=" ">
    <subfield code="5">2013-10-26</subfield>
    <subfield code="b">NLR02</subfield>
    <subfield code="c">NLR02</subfield>
    <subfield code="e">RFS</subfield>
    <subfield code="f">1-3889611</subfield>
    <subfield code="k">34.3.5.120</subfield>
    <subfield code="o">0</subfield>
    <subfield code="r">BOOK</subfield>
    <subfield code="s">3435120_</subfield>
  </datafield>
  <datafield tag="995" ind1=" " ind2=" ">
    <subfield code="5">2013-10-26</subfield>
    <subfield code="b">NLR01</subfield>
    <subfield code="c">NLR01</subfield>
    <subfield code="e">TEMP</subfield>
    <subfield code="f">4844029-60</subfield>
    <subfield code="o">0</subfield>
    <subfield code="r">BOOK</subfield>
  </datafield>
  <datafield tag="995" ind1=" " ind2=" ">
    <subfield code="5">2013-10-26</subfield>
    <subfield code="b">NLR01</subfield>
    <subfield code="c">NLR01</subfield>
    <subfield code="e">TEMP</subfield>
    <subfield code="f">4844029-70</subfield>
    <subfield code="o">0</subfield>
    <subfield code="r">BOOK</subfield>
  </datafield>
</record>
